MDQL
is popping MORE tags! Check the
thread
!
Quizzes
Events
Quiz Creation
Community
Videos
Private Events
Remove Ads
Sign In
Join for FREE
Feedback
Dark Mode
Quiz Categories
Sports
Geography
Music
Movies
Television
Just For Fun
Miscellaneous
History
Literature
Language
Science
Gaming
Entertainment
Religion
Holiday
For Kids
Quiz Lab
Recent
Popular Today
Quiz Kudos Today
Editor Picks
Curator Picks
Quizzes by...
Day
Popularity
Type
Ratings
Length
Year
Community
Subscriptions
Recent Discussions
Orange Saloon
Badges
Playlists
Quests
Create
Leaderboards
Showdown
Live 5
Trivia Bingo
Activity
Puzzle Library
Sporcle Events
Private Events
Virtual Trivia
Globe League
Become a Host
Pub Owners
SporcleCon
Opinionation
Our Games
Videos
Blog
Mobile Apps
Partnerships
Remove Ads and Go Orange
Feedback
Sports
Athletes
MLB
NBA
NHL
NFL
Soccer
Sports Teams
WWE
NCAA
Football
Premier League
Basketball
Baseball
Hockey
Golf
Tennis
Cricket
Rugby
Auto Racing
Olympics
World Cup
Sports
Athletes
MLB
NBA
NHL
NFL
Soccer
Sports Teams
WWE
NCAA
Football
Premier League
Basketball
Baseball
Hockey
Golf
Tennis
Cricket
Rugby
Auto Racing
Olympics
World Cup
Random Quiz
Search Sporcle
×
Quiz Lab
Quiz Lab
Sports
NHL
Type in answers that appear in a list
Type in answers that appear in a list
Classic
Best Score? Go Orange.
NHL Highest Scorers Ever Per Team Stats
Can you name the NHL Highest Scorers Ever Per Team?
By
Canadanac
8m
30 Questions
138 Plays
138 Plays
138 Plays
Comments
Comments
Give Quiz Kudos
Give Quiz Kudos
-
- Ratings
hide this ad
More Info
Forced Order
Answers have to be entered in order
Answers have to be entered in order
Replay
Link that replays current quiz
Next Quiz
Link to next quiz in quiz playlist
You Got
0%
They Got
Avg Score
35%
Avg Friend Score
Upgrade to see
Score Distribution
Jump to the score distribution portion of the page
Score
0/30
Timer
08:00
0
Plays Today
Team
Player
% Correct
Edmonton Oilers
Wayne Gretzky
83.3%
Los Angeles Kings
Wayne Gretzky
74.6%
Detroit Red Wings
Gordie Howe
69.6%
Boston Bruins
Phil Esposito
68.8%
Colorado Avalanche
Joe Sakic
68.8%
St Louis Blues
Wayne Gretzky
60.1%
New York Rangers
Wayne Gretzky
59.4%
Carolina Hurricanes
Gordie Howe
51.4%
New York Islanders
Bryan Trottier
46.4%
Pittsburgh Penguins
Ron Francis
44.9%
Vancouver Canucks
Mark Messier
42.8%
Toronto Maple Leafs
Ron Francis
35.5%
Calgary Flames
Doug Gilmour
30.4%
Chicago Blackhawks
Phil Esposito
30.4%
Buffalo Sabres
Doug Gilmour
29.7%
Team
Player
% Correct
Phoenix Coyotes
Dale Hawerchuk
29.7%
Washington Capitals
Jaromir Jagr
28.3%
New Jersey Devils
Doug Gilmour
26.1%
Dallas Stars
Brett Hull
24.6%
Atlanta Thrashers
Mark Recchi
23.9%
Anaheim Ducks
Adam Oates
21.7%
Nashville Predators
Paul Kariya
20.3%
Montreal Canadiens
Mark Recchi
18.8%
Tampa Bay Lightning
Mark Recchi
18.8%
Columbus Blue Jackets
Sergei Fedorov
16.7%
Ottawa Senators
Alexei Kovalev
12.3%
Philadelphia Flyers
Paul Coffey
8.7%
San Jose Sharks
Teemu Selanne
8%
Florida Panthers
Dino Ciccarelli
6.5%
Minnesota Wild
Cliff Ronning
4.3%
Quiz Playlist
Details
Report
Send in Message
Add To Playlist
More Info:
Can you list the highest scoring players to ever play for each team? (Point totals do not include the 2009/10 season.)
Classic:
Type in answers that appear in a list
Forced Order:
Answers have to be entered in order
Quiz Source
Last Updated: Feb 16, 2017
Quiz Scoreboard
CHALLENGE
Sign Up to Join the Scoreboard
Show All
Scores
Hide
Comments
May contain spoilers
Recently Published
Street Fighter Characters
by Artimus82
Gaming
60s
9x9 Crossword: Cartoon Network
by jackfrog10
Miscellaneous
3m
College Basketball Coaching Resumes
by pancakes188
Sports
9m
More to Explore
Quiz From the Vault
Featured Blog Post
Where Did the Easter Bunny Come From?
hide this ad
You Might Also Like...
Tags
NHL Quiz
Ever
highest
Per Team
Player
point
Scorer
team
Today's Top Quizzes in Sports
Browse Sports
hide this ad
Today's Top Quizzes in NHL
Browse NHL
Top Contributed Quizzes in Sports
1
2022 World Cup Stars
2
Les meilleurs buteurs des matchs entre le PSG et l’OM
3
FIFA Club World Cup Champions
4
Les entraîneurs de l'OM et du PSG au 21e siècle
5
Criteria MLB: Left Handed Sluggers
6
2023 MLB Unique Player Accomplishments
7
AFC Teams Reveal (Wrong Answers Minefield)
8
5-to-1: FBS Animal Nicknames
9
Players with Multiple 50 Home Run Seasons
10
5-to-1: UK Sports Teams
Explore More
Trending Topics
Anime
Disney
Marvel
NBA
Kpop
Crossword
Harry Potter
Pokémon
NFL
Song
Puzzle
WWE
Country
Soccer
The Office
hide this ad
More By:
Canadanac
Quiz
Plays
Rating
Category
Featured
Created
NHL Highest Scorers Ever Per Team
138
2.20
Sports
Dec 24, 2009
2009/10 NHL Leading Scorers
89
5.00
Sports
Aug 25, 2010
Go to Creator's Profile
Score Distribution
Quiz Creator Spotlight
Canadanac
Follow
Send a Message
Quizzes Created
-
Created Quiz Play Count
-
More By This Creator
Popular Quizzes Today
1
Find the US States - No Outlines Minefield
2
Find the Countries of Europe - No Outlines Minefield
3
The Countries of the World
4
Find the US States
5
Risky Map Clicking: Biggest States A-Z
6
US States
7
Popular People in 1961
8
Movies - When Are They Set?
More Sports Quizzes
Sports by Equipment Click
Published
Trending Quizzes
Risky Map Clicking: Least Populous States A-Z
Countries of the World: 200 Million BC
1-10 Letter G Words
Risky Map Clicking: Next State Alphabetically
Adjectives in 80s TV Shows
Recently Updated
Leaping Animals
pecheneg
Reality TV Shows (A-Z)
bhenderson79
Rickey Henderson's Hall of Fame Teammates
pecheneg
Champions League XIs: Arsenal
pecheneg
Quick Pick: Celebrities in WWE's Hall of Fame
aduchscher
A-Z Keypad Blitz II
pecheneg
Multiple Oscar Actors
pecheneg
Mystery Phrase Blitz: Oscar 'Best Actors'
pecheneg
F. Scott Fitzgerald Novels
LTH
Pick 3 Villains
ddd62291
Trending Topics
Marvel
NBA
Disney
Harry Potter
Kpop
Crossword
Anime
The Office
NFL
WWE
Soccer
Puzzle
Country
Pokémon
Song
Your Account Isn't Verified!
In order to create a playlist on Sporcle, you need to verify the email address you used during registration. Go to your
Sporcle Settings
to finish the process.
Report this User
Report this user for behavior that violates our
Community Guidelines
.
Details:
Send Report
Go to the Sporcle.com Mobile Site →
Comments